[Event "Torino-ch"]
[Site "Torino "]
[Date "2010.11.08"]
[Round "1"]
[White "Gambarino, Federico"]
[Black "Fassio, Luca"]
[Result "0-1"]
[WhiteElo "1853"]
[BlackElo "2071"]
[PlyCount "114"]
[EventDate "2010.11.08"]
[EventType "swiss"]
[EventRounds "7"]
[EventCountry "ITA"]
[SourceTitle "EXT 2012"]
[Source "ChessBase"]
[SourceDate "2011.11.24"]
[SourceVersion "1"]
[SourceVersionDate "2011.11.24"]
[SourceQuality "1"]

1. e4 g6 2. d4 Bg7 3. Nc3 d6 4. Be3 c6 5. Qd2 b5 6. f3 Nd7 7. h4 h5 8. Bd3 Nb6 9. Nge2 Nf6 10. Bf4 0-0 11. e5 Ne8 12. Bh6 Nc4 13. Bxc4 bxc4 14. 0-0-0 Rb8 15. Bxg7 Nxg7 16. g4 hxg4 17. h5 gxf3 18. hxg6 fxg6 19. Nf4 Bf5 20. Qh2 Kf7 21. Qg3 Rh8 22. Rhe1 Nh5 23. e6+ Kg7 24. Nxh5+ Rxh5 25. Qxf3 Qb6 26. Na4 Qb5 27. b3 Qb4 28. Rh1 Rxh1 29. Rxh1 Qa3+ 30. Kd2 Qxa2 31. Rc1 cxb3 32. Qc3 d5 33. Qg3 Rf8 34. Nc3 Qa5 35. Qg5 Qc7 36. Rh1 Rh8 37. Rxh8 Kxh8 38. cxb3 Kg7 39. b4 Bxe6 40. Ne2 Qd6 41. Kc3 Bf5 42. Ng3 Be4 43. Nh5+ Kf8 44. Qh6+ Ke8 45. Nf4 Kd7 46. Qh4 a5 47. bxa5 Qa3+ 48. Kd2 Qxa5+ 49. Ke2 Qb5+ 50. Kf2 Qb2+ 51. Ne2 c5 52. Qh8 cxd4 53. Qa8 Qb6 54. Qa4+ Kd6 55. Nxd4 e5 56. Qa3+ Kd7 57. Qa4+ Kc7 0-1

[Event "Bratto op-B 28th"]
[Site "Bratto"]
[Date "2008.08.28"]
[Round "6"]
[White "Gambarino, Federico"]
[Black "Rota, Simone"]
[Result "0-1"]
[WhiteElo "1847"]
[BlackElo "1834"]
[PlyCount "42"]
[EventDate "2008.08.23"]
[EventType "swiss"]
[EventRounds "9"]
[EventCountry "ITA"]
[SourceTitle "EXT 2011"]
[Source "ChessBase"]
[SourceDate "2010.11.26"]
[SourceVersion "1"]
[SourceVersionDate "2010.11.26"]
[SourceQuality "1"]

1. e4 c5 2. Nf3 d6 3. d4 cxd4 4. Nxd4 Nf6 5. Nc3 a6 6. f3 e6 7. Be3 Qc7 8. g4 h6 9. Qd2 b5 10. h4 Bb7 11. 0-0-0 Nc6 12. Nxc6 Bxc6 13. Bh3 Nd7 14. g5 hxg5 15. hxg5 Ne5 16. Qf2 b4 17. Ne2 Rc8 18. Nd4 Bd7 19. Bxe6 Rxh1 20. Bxd7+ Kxd7 21. Rxh1 Nd3+ 0-1

[Event "Bratto op-B 28th"]
[Site "Bratto"]
[Date "2008.08.27"]
[Round "5"]
[White "Bonoldi, Fabio"]
[Black "Gambarino, Federico"]
[Result "1/2-1/2"]
[WhiteElo "1902"]
[BlackElo "1847"]
[PlyCount "100"]
[EventDate "2008.08.23"]
[EventType "swiss"]
[EventRounds "9"]
[EventCountry "ITA"]
[SourceTitle "EXT 2011"]
[Source "ChessBase"]
[SourceDate "2010.11.26"]
[SourceVersion "1"]
[SourceVersionDate "2010.11.26"]
[SourceQuality "1"]

1. c4 g6 2. Nc3 Bg7 3. g3 d6 4. Bg2 c5 5. d3 Nc6 6. e4 e6 7. Nge2 Nge7 8. 0-0 0-0 9. Be3 Rb8 10. Qd2 a6 11. Rae1 b5 12. b3 Nd4 13. Bh6 Bxh6 14. Qxh6 Qa5 15. Qd2 Nec6 16. f4 f5 17. Rd1 Re8 18. Qb2 b4 19. Nxd4 Nxd4 20. Ne2 e5 21. Qd2 Qc7 22. fxe5 Nxe2+ 23. Qxe2 Rxe5 24. Qd2 Be6 25. Rde1 Re8 26. h4 a5 27. h5 Qd7 28. hxg6 hxg6 29. d4 cxd4 30. Qxd4 Bf7 31. Re3 Qc7 32. Rfe1 Qc5 33. Qxc5 dxc5 34. Kf2 g5 35. Rd1 fxe4 36. Rd6 a4 37. bxa4 Bxc4 38. Rg6+ Kf7 39. Rc6 Bxa2 40. a5 Bc4 41. a6 R8e7 42. Rb6 R5e6 43. Rxe6 Rxe6 44. a7 Bd5 45. Bf1 Re7 46. Bc4 Rxa7 47. Bxd5+ Kf6 48. Rxe4 Ra3 49. Re6+ Kf5 50. Rc6 Rc3 1/2-1/2

[Event "Bratto op-B 28th"]
[Site "Bratto"]
[Date "2008.08.26"]
[Round "4"]
[White "Fiorili, Roberto"]
[Black "Gambarino, Federico"]
[Result "1-0"]
[WhiteElo "1918"]
[BlackElo "1847"]
[PlyCount "47"]
[EventDate "2008.08.23"]
[EventType "swiss"]
[EventRounds "9"]
[EventCountry "ITA"]
[SourceTitle "EXT 2011"]
[Source "ChessBase"]
[SourceDate "2010.11.26"]
[SourceVersion "1"]
[SourceVersionDate "2010.11.26"]
[SourceQuality "1"]

1. d4 Nf6 2. Nf3 g6 3. g3 Bg7 4. Bg2 0-0 5. c4 d6 6. Nc3 Nc6 7. d5 Na5 8. Nd2 a6 9. b4 Nxd5 10. Nxd5 Bxa1 11. bxa5 c6 12. Nb6 Rb8 13. Qb3 Be6 14. Bb2 Bxb2 15. Qxb2 d5 16. c5 Bg4 17. Qd4 h5 18. h3 e5 19. Qe3 d4 20. Qh6 Bxe2 21. Ne4 f6 22. Qxg6+ Kh8 23. Nd6 Qe7 24. Kxe2 1-0